[Event "XXXI Memorial Edoardo Crespi A"]
[Site "Milano ITA"]
[Date "2010.12.07"]
[Round "4"]
[White "Barberi, Alessandro"]
[Black "Valenti, Giuseppe"]
[WhiteElo "2077"]
[BlackElo "2122"]
[Result "1-0"]
[PlyCount "83"]
[EventDate "2010.12.04"]

1. d4 d6 2. Nf3 Nd7 3. e4 e5 4. c3 Ngf6 5. Bd3 Be7 6. O-O O-O 7. Qe2 h6 8. Rd1
c6 9. Nbd2 Re8 10. dxe5 dxe5 11. Nc4 Qc7 12. b4 b5 13. Ne3 Nb6 14. a3 a5 15.
Rb1 axb4 16. cxb4 Bf8 17. Bb2 Bd7 18. Rbc1 Qb8 19. Nd2 Na4 20. Nb3 Qb6 21. Bb1
Ra7 22. Qc2 Be6 23. Nc5 Nxc5 24. bxc5 Qb8 25. Nf5 Bxf5 26. exf5 Ra4 27. Ba2 Qa7
28. Bb3 Re4 29. g3 h5 30. Rd3 Rg4 31. Kg2 h4 32. h3 Rg5 33. g4 Nh5 34. Re3 Nf4+
35. Kh2 Qc7 36. Qe4 g6 37. Bxe5 Rxe5 38. Qxf4 Bg7 39. Rce1 Rxe3 40. Qxc7 Rxe1
41. Qxf7+ Kh7 42. f6 1-0

[Event "XXXI Memorial Edoardo Crespi A"]
[Site "Milano ITA"]
[Date "2010.12.07"]
[Round "4"]
[White "Bellia, Fabrizio"]
[Black "Salvador, Roland"]
[WhiteElo "2399"]
[BlackElo "2527"]
[Result "1/2-1/2"]
[PlyCount "28"]
[EventDate "2010.12.04"]

1. e4 e5 2. Nf3 Nc6 3. Bb5 a6 4. Ba4 Nf6 5. O-O b5 6. Bb3 Be7 7. Re1 d6 8. c3
Bg4 9. h3 Bxf3 10. Qxf3 O-O 11. d3 Na5 12. Bc2 c5 13. Nd2 Nd7 14. Nf1 Bg5
1/2-1/2

[Event "XXXI Memorial Edoardo Crespi A"]
[Site "Milano ITA"]
[Date "2010.12.07"]
[Round "4"]
[White "Bonanno, Alessandro"]
[Black "Marinone, Lucio"]
[WhiteElo "2143"]
[BlackElo "2011"]
[Result "1-0"]
[PlyCount "89"]
[EventDate "2010.12.04"]

1. e4 c5 2. Nf3 d6 3. d4 cxd4 4. Nxd4 Nf6 5. Nc3 a6 6. Qf3 e5 7. Nf5 Bxf5 8.
Qxf5 Nc6 9. Be3 Qc8 10. Qxc8+ Rxc8 11. f3 Be7 12. O-O-O O-O 13. g4 b5 14. g5
Ne8 15. Nd5 Bd8 16. h4 Ne7 17. a4 Nxd5 18. Rxd5 bxa4 19. Bxa6 Ra8 20. Bb7 Rb8
21. Bc6 Bb6 22. Bxb6 Rxb6 23. Bxa4 Ra6 24. b3 Nc7 25. Rd2 Ne6 26. Kb2 Nd4 27.
f4 Rb8 28. Ra1 Nf3 29. Rd3 Nxh4 30. fxe5 dxe5 31. Bd7 Rg6 32. c4 Rxg5 33. c5
Ng6 34. c6 Ne7 35. c7 Rf8 36. Bh3 Rh5 37. Rd8 Rxh3 38. Rxf8+ Kxf8 39. Ra8+ Nc8
40. Rxc8+ Ke7 41. Rd8 Rh2+ 42. Kc3 Rh1 43. Kd2 Rh2+ 44. Ke3 Rh3+ 45. Kf2 1-0

[Event "XXXI Memorial Edoardo Crespi A"]
[Site "Milano ITA"]
[Date "2010.12.07"]
[Round "4"]
[White "Borin, Fabio"]
[Black "Astengo, Marcello"]
[WhiteElo "2141"]
[BlackElo "2070"]
[Result "1-0"]
[PlyCount "67"]
[EventDate "2010.12.04"]

1. e4 e6 2. d4 d5 3. e5 c5 4. c3 Nc6 5. Be3 Nge7 6. Bd3 Nf5 7. Nf3 Nh4 8. Nxh4
Qxh4 9. Nd2 cxd4 10. cxd4 Bd7 11. Nf3 Bb4+ 12. Kf1 Qd8 13. Rc1 Be7 14. a3 a5
15. h4 Qb6 16. Qe2 a4 17. h5 h6 18. g4 Na5 19. Kg2 Nb3 20. Rcd1 Rc8 21. Rh3 Na5
22. Rg3 Nc4 23. Bc1 f6 24. Nh4 O-O 25. Ng6 Rce8 26. Nxe7+ Rxe7 27. exf6 Rxf6
28. g5 Rff7 29. gxh6 e5 30. Bg6 Rf8 31. Bg5 Re6 32. hxg7 Kxg7 33. Bf5 Kh8 34.
Qg4 1-0

[Event "XXXI Memorial Edoardo Crespi A"]
[Site "Milano ITA"]
[Date "2010.12.07"]
[Round "4"]
[White "Bozzali, Ermanno"]
[Black "Ricci, Marco"]
[WhiteElo "2119"]
[BlackElo "2061"]
[Result "0-1"]
[PlyCount "90"]
[EventDate "2010.12.04"]

1. e4 e6 2. d4 d5 3. Nc3 Nf6 4. e5 Nfd7 5. f4 c5 6. Nf3 Nc6 7. Be3 cxd4 8. Nxd4
Bc5 9. Qd2 O-O 10. O-O-O a6 11. Qf2 Bxd4 12. Bxd4 Nxd4 13. Qxd4 Qb6 14. h4 Qxd4
15. Rxd4 f6 16. exf6 Nxf6 17. Be2 Bd7 18. Bf3 Bc6 19. Re1 Rae8 20. b4 Ne4 21.
Nxe4 Rxf4 22. Nd6 Rxd4 23. Nxe8 Bxe8 24. Rxe6 Bc6 25. c3 Rxh4 26. Rd6 Kf7 27.
Rd8 Ke7 28. Rg8 g6 29. Kd2 Rf4 30. Rg7+ Rf7 31. Rxf7+ Kxf7 32. Kd3 Ke6 33. Kd4
Kd6 34. Be2 h5 35. g3 Bd7 36. Bf3 Be6 37. a4 b6 38. a5 b5 39. Bg2 g5 40. Bf3 h4
41. gxh4 gxh4 42. Bh1 h3 43. Bf3 h2 44. Bg2 Bf5 45. Bxd5 Bd7 0-1

[Event "XXXI Memorial Edoardo Crespi A"]
[Site "Milano ITA"]
[Date "2010.12.07"]
[Round "4"]
[White "Cazzaniga, Walter"]
[Black "Quaranta, Cristiano"]
[WhiteElo "2116"]
[BlackElo "2131"]
[Result "0-1"]
[PlyCount "46"]
[EventDate "2010.12.04"]

1. d4 f5 2. Nf3 Nf6 3. g3 g6 4. Bg2 Bg7 5. O-O O-O 6. c4 d6 7. Nc3 Nc6 8. d5
Na5 9. Nd2 c5 10. Rb1 b6 11. b3 Qe8 12. Qc2 g5 13. Re1 Qh5 14. Nf1 f4 15. gxf4
Ng4 16. f3 Qh4 17. Bd2 Nf2 18. fxg5 Bf5 19. Ne4 Bxe4 20. fxe4 Ng4 21. Bf3 Be5
22. Bc3 Qf2+ 23. Kh1 Rxf3 0-1

[Event "XXXI Memorial Edoardo Crespi A"]
[Site "Milano ITA"]
[Date "2010.12.07"]
[Round "4"]
[White "Colovic, Aleksandar"]
[Black "Aranovitch, Emiliano"]
[WhiteElo "2457"]
[BlackElo "2335"]
[Result "1-0"]
[PlyCount "75"]
[EventDate "2010.12.04"]

1. d4 Nf6 2. c4 c5 3. d5 e6 4. Nc3 exd5 5. cxd5 d6 6. Nf3 g6 7. Bf4 Bg7 8. Qa4+
Bd7 9. Qb3 Qc7 10. e4 Nh5 11. Be3 O-O 12. Nd2 Na6 13. Be2 Rab8 14. O-O Rfe8 15.
h3 b5 16. Nxb5 Qd8 17. a4 Nc7 18. Qc2 Nxb5 19. axb5 Bxb5 20. Bxb5 Rxb5 21. Nc4
Nf6 22. f3 Qb8 23. Bf4 Rd8 24. Ra6 Ne8 25. Rfa1 Bxb2 26. Nxb2 Rxb2 27. Qc3 Rb1+
28. Kh2 Rb3 29. Qa5 Rb5 30. Qe1 Rb2 31. e5 Qb3 32. Qe4 Qc2 33. Qxc2 Rxc2 34.
Bg5 Rd7 35. Rxa7 Rxa7 36. Rxa7 dxe5 37. Ra8 f6 38. d6 1-0

[Event "XXXI Memorial Edoardo Crespi A"]
[Site "Milano ITA"]
[Date "2010.12.07"]
[Round "4"]
[White "D'Alessio, Angelo"]
[Black "Nicolo', Filippo"]
[WhiteElo "2030"]
[BlackElo "2060"]
[Result "1-0"]
[PlyCount "53"]
[EventDate "2010.12.04"]

1. e4 e6 2. d4 d5 3. Nc3 Bb4 4. e5 c5 5. Bd2 Ne7 6. Nb5 Bxd2+ 7. Qxd2 O-O 8.
Nf3 Nd7 9. Bd3 a6 10. Nd6 h6 11. c3 cxd4 12. cxd4 f6 13. exf6 Nxf6 14. Nxc8
Rxc8 15. O-O Nc6 16. Rfe1 Qd6 17. Rac1 Rce8 18. Bg6 Rd8 19. h3 Nd7 20. Bb1 e5
21. Rxc6 Qxc6 22. dxe5 Nc5 23. Nd4 Qb6 24. e6 Rfe8 25. e7 Rd6 26. Nf5 Rd7 27.
Qd4 1-0

[Event "XXXI Memorial Edoardo Crespi A"]
[Site "Milano ITA"]
[Date "2010.12.07"]
[Round "4"]
[White "Damia, Angelo"]
[Black "Saric, Sinisa"]
[WhiteElo "2302"]
[BlackElo "2452"]
[Result "1/2-1/2"]
[PlyCount "28"]
[EventDate "2010.12.04"]

1. e4 c5 2. Nf3 d6 3. d4 cxd4 4. Nxd4 Nf6 5. Nc3 a6 6. Bg5 e6 7. f4 Nc6 8. Qd2
h6 9. Bxf6 Qxf6 10. Nxc6 bxc6 11. O-O-O Qd8 12. g3 Be7 13. Bc4 Rb8 14. Bb3 Qb6
1/2-1/2

[Event "XXXI Memorial Edoardo Crespi A"]
[Site "Milano ITA"]
[Date "2010.12.07"]
[Round "4"]
[White "David, Alberto"]
[Black "Lapiccirella, Mattia"]
[WhiteElo "2587"]
[BlackElo "2212"]
[Result "1-0"]
[PlyCount "105"]
[EventDate "2010.12.04"]

1. d4 Nf6 2. Nf3 c5 3. d5 d6 4. Nc3 g6 5. e4 Bg7 6. Bb5+ Nfd7 7. a4 O-O 8. O-O
Na6 9. Bf4 Nc7 10. Be2 Rb8 11. Qc1 a6 12. a5 b6 13. axb6 Rxb6 14. Bh6 Rb4 15.
Bxg7 Kxg7 16. Re1 Nf6 17. Bd3 Bg4 18. Nd2 Qb8 19. b3 Bd7 20. Bxa6 e6 21. Bc4
Qb7 22. Qb2 e5 23. f4 exf4 24. Na2 Rb6 25. Rf1 g5 26. h4 h6 27. g3 Rg8 28. gxf4
gxf4 29. Kh1 Nce8 30. Rxf4 Kf8 31. Rxf6 Nxf6 32. Qxf6 Rg6 33. Qh8+ Ke7 34. Nc3
Qb8 35. Qxb8 Rxb8 36. Rg1 Rbg8 37. Rxg6 Rxg6 38. Kh2 Rg4 39. Nf3 f5 40. e5 dxe5
41. Nxe5 Rxh4+ 42. Kg3 Rd4 43. Nc6+ Bxc6 44. dxc6 Rg4+ 45. Kf2 Kd6 46. Bd5 Rb4
47. Bf3 c4 48. c7 Kd7 49. Nb5 Rxb5 50. Bc6+ Kxc7 51. Bxb5 cxb3 52. cxb3 Kd6 53.
b4 1-0

[Event "XXXI Memorial Edoardo Crespi A"]
[Site "Milano ITA"]
[Date "2010.12.07"]
[Round "4"]
[White "Drazic, Sinisa"]
[Black "Solodovnichenko, Yuri"]
[WhiteElo "2524"]
[BlackElo "2563"]
[Result "1/2-1/2"]
[PlyCount "23"]
[EventDate "2010.12.04"]

1. c4 c5 2. Nc3 Nf6 3. g3 e6 4. Nf3 b6 5. Bg2 Bb7 6. O-O d6 7. d4 cxd4 8. Qxd4
Be7 9. e4 Nbd7 10. b3 a6 11. Ba3 Nc5 12. e5 1/2-1/2

[Event "XXXI Memorial Edoardo Crespi A"]
[Site "Milano ITA"]
[Date "2010.12.07"]
[Round "4"]
[White "Formento, Paolo"]
[Black "Cani, Gazmir"]
[WhiteElo "1976"]
[BlackElo "2113"]
[Result "0-1"]
[PlyCount "60"]
[EventDate "2010.12.04"]

1. e4 c5 2. Nf3 e6 3. d4 cxd4 4. c3 Nf6 5. e5 Nd5 6. cxd4 d6 7. Nc3 Nc6 8. Nxd5
exd5 9. exd6 Bxd6 10. Bd3 O-O 11. O-O Bg4 12. h3 Bh5 13. g4 Bg6 14. a3 Rc8 15.
b4 a5 16. b5 Ne7 17. Nh4 Rc3 18. Nf5 Nxf5 19. gxf5 Qh4 20. Kg2 Bh5 21. Qd2 Bf3+
22. Kxf3 Qxh3+ 23. Ke2 Re8+ 24. Qe3 Rxe3+ 25. Bxe3 Bxa3 26. f3 Bb4 27. Bf2 Rxd3
28. Kxd3 Qxf3+ 29. Kc2 Qc3+ 30. Kb1 Qd3+ 0-1

[Event "XXXI Memorial Edoardo Crespi A"]
[Site "Milano ITA"]
[Date "2010.12.07"]
[Round "4"]
[White "Gonella, Daniele"]
[Black "Brunello, Roberta"]
[WhiteElo "2003"]
[BlackElo "2063"]
[Result "1-0"]
[PlyCount "85"]
[EventDate "2010.12.04"]

1. e4 e5 2. Nf3 Nc6 3. Bb5 d6 4. d4 Bd7 5. Nc3 Nf6 6. O-O Be7 7. Re1 exd4 8.
Nxd4 O-O 9. h3 Re8 10. Be3 a6 11. Nxc6 Bxc6 12. Bxc6 bxc6 13. Qf3 Nd7 14. Rad1
Rb8 15. b3 Bf6 16. Bd4 Bxd4 17. Rxd4 Qg5 18. Rdd1 Re6 19. Qe3 Qa5 20. Qd2 Rbe8
21. f3 Ne5 22. Kh1 Rh6 23. Rf1 Rhe6 24. Ne2 Qc5 25. Nd4 Rf6 26. Nf5 Ng6 27. c4
Qe5 28. Qd4 Qe6 29. Ne3 Nf4 30. Ng4 Rg6 31. Qd2 Nh5 32. Rfe1 Qe7 33. e5 Re6 34.
f4 f5 35. Ne3 dxe5 36. fxe5 Rxe5 37. Nc2 Rxe1+ 38. Qxe1 Qf7 39. Qh4 h6 40. Rd8
Rxd8 41. Qxd8+ Kh7 42. Nb4 Nf4 43. Nxc6 1-0

[Event "XXXI Memorial Edoardo Crespi A"]
[Site "Milano ITA"]
[Date "2010.12.07"]
[Round "4"]
[White "Iudicello, Giovanni"]
[Black "Sbarra, Marco"]
[WhiteElo "2158"]
[BlackElo "2312"]
[Result "1/2-1/2"]
[PlyCount "195"]
[EventDate "2010.12.04"]

1. e4 e5 2. Nf3 Nc6 3. Bb5 a6 4. Ba4 Nf6 5. O-O b5 6. Bb3 Bc5 7. c3 d6 8. h3
Bb7 9. d3 Ne7 10. Be3 Bxe3 11. fxe3 Ng6 12. a4 O-O 13. Na3 Qd7 14. axb5 axb5
15. Qe1 d5 16. exd5 Bxd5 17. Bxd5 Qxd5 18. Rd1 Qb3 19. Rb1 c6 20. Qd1 Qe6 21.
Nc2 h6 22. d4 e4 23. Nd2 Nd5 24. Qe2 f5 25. g3 Rae8 26. Kh2 Kh7 27. Rbe1 Nge7
28. c4 bxc4 29. Nxc4 Rb8 30. Rb1 Nb4 31. Nxb4 Rxb4 32. Rbc1 Rfb8 33. Rc2 Rb3
34. Rf2 Nd5 35. Qe1 Nb4 36. Qc1 Nxc2 37. Rxc2 R8b5 38. h4 Rb8 39. Ne5 R3b6 40.
Nc4 Ra6 41. Ne5 Qa2 42. b4 Qd5 43. Nxc6 Rc8 44. Na5 Rxc2+ 45. Qxc2 Qb5 46. Qf2
Rf6 47. Nb3 Qxb4 48. Nc5 Qa3 49. Kh3 Qa1 50. Kh2 Kh8 51. Nd7 Ra6 52. Qxf5 Ra2+
53. Kh3 Qh1+ 54. Kg4 Qd1+ 55. Kh3 Qh1+ 56. Kg4 Qd1+ 57. Kh3 Qf3 58. Qxf3 exf3
59. Ne5 Re2 60. Nxf3 Rxe3 61. Kg4 Kg8 62. Kf4 Ra3 63. h5 Kf7 64. g4 Kf6 65. Ke4
Ke6 66. Nh4 Rg3 67. Kf4 Rg1 68. Nf5 Kf6 69. d5 Ra1 70. Ke4 Ra4+ 71. Nd4 Ke7 72.
Ke5 Kd7 73. d6 Ra5+ 74. Kf4 Kxd6 75. Nf5+ Ke6 76. Nxg7+ Kf6 77. Ne8+ Kf7 78.
Nd6+ Kf6 79. Ne8+ Ke7 80. Ng7 Ra4+ 81. Ke5 Rxg4 82. Nf5+ Kd7 83. Nxh6 Rg5+ 84.
Kf6 Rxh5 85. Nf5 Rh1 86. Ke5 Kc6 87. Nd4+ Kc5 88. Ne6+ Kc4 89. Nf4 Rf1 90. Ne6
Re1+ 91. Kd6 Re4 92. Ng5 Rh4 93. Ne6 Rh5 94. Nf4 Rg5 95. Ne6 Rf5 96. Ng7 Rd5+
97. Ke6 Ra5 98. Nf5 1/2-1/2

[Event "XXXI Memorial Edoardo Crespi A"]
[Site "Milano ITA"]
[Date "2010.12.07"]
[Round "4"]
[White "Lapiccirella, Daniele"]
[Black "Codenotti, Marco"]
[WhiteElo "2225"]
[BlackElo "2228"]
[Result "1/2-1/2"]
[PlyCount "56"]
[EventDate "2010.12.04"]

1. d4 Nf6 2. c4 g6 3. Nc3 d5 4. Nf3 Bg7 5. Bg5 Ne4 6. cxd5 Nxg5 7. Nxg5 e6 8.
Qa4+ Bd7 9. Qb3 Qxg5 10. Qxb7 O-O 11. Qxa8 Bxd4 12. Rd1 Bxc3+ 13. bxc3 Ba4 14.
h4 Qe5 15. Rd3 Nc6 16. Qb7 exd5 17. Qb2 Rb8 18. Qc1 d4 19. e3 dxc3 20. f4 Qe4
21. Qxc3 Nb4 22. Kf2 Nxd3+ 23. Bxd3 Qb4 24. Qxb4 Rxb4 25. Rb1 Rxb1 26. Bxb1 f5
27. e4 fxe4 28. Bxe4 Kf7 1/2-1/2

[Event "XXXI Memorial Edoardo Crespi A"]
[Site "Milano ITA"]
[Date "2010.12.07"]
[Round "4"]
[White "Loehnhardt, Benjamin"]
[Black "Bonazzi, Edoardo"]
[WhiteElo "2042"]
[BlackElo "2164"]
[Result "1-0"]
[PlyCount "113"]
[EventDate "2010.12.04"]

1. e4 c6 2. Nc3 d5 3. Nf3 Bg4 4. h3 Bh5 5. exd5 cxd5 6. Bb5+ Nc6 7. g4 Bg6 8.
Ne5 Rc8 9. d4 e6 10. h4 f6 11. Nxg6 hxg6 12. Qd3 Kf7 13. a3 Bd6 14. Bd2 Nge7
15. f4 Qc7 16. Ne2 a6 17. Bxc6 Qxc6 18. O-O-O b5 19. Bb4 Bxb4 20. axb4 Qd6 21.
Qa3 Ra8 22. Rdf1 Qb6 23. Kd2 a5 24. bxa5 Rxa5 25. Qd3 Ra2 26. b3 Rc8 27. Rc1
Qa5+ 28. Kd1 b4 29. Kd2 Qc7 30. Kd1 Qc6 31. Rh2 Qa6 32. Kd2 Qxd3+ 33. Kxd3 Nc6
34. h5 gxh5 35. Rxh5 Na7 36. f5 e5 37. g5 e4+ 38. Kd2 fxg5 39. Rxg5 Kf6 40.
Rg6+ Kxf5 41. Rxg7 Kf6 42. Rb7 Nc6 43. Rf1+ Ke6 44. Rb6 Ke7 45. Rh1 Nd8 46. Rc1
Nc6 47. Rb5 Kd6 48. Nf4 Ra5 49. Rxa5 Nxa5 50. Rh1 e3+ 51. Kd1 Rc3 52. Rh5 Nxb3
53. cxb3 Rxb3 54. Rxd5+ Ke7 55. Ke2 Ra3 56. Rb5 b3 57. Kxe3 1-0

[Event "XXXI Memorial Edoardo Crespi A"]
[Site "Milano ITA"]
[Date "2010.12.07"]
[Round "4"]
[White "Manca, Federico"]
[Black "Zanetti, Alberto"]
[WhiteElo "2405"]
[BlackElo "2199"]
[Result "1-0"]
[PlyCount "47"]
[EventDate "2010.12.04"]

1. e4 d5 2. exd5 Nf6 3. Nf3 Nxd5 4. d4 Bg4 5. c4 Nb6 6. Be2 e6 7. O-O Be7 8.
Nc3 O-O 9. Be3 Nc6 10. b3 Qd7 11. Qd2 Rad8 12. Rfd1 Qc8 13. Qb2 f5 14. Ne1 Bxe2
15. Nxe2 Bf6 16. Nf3 Qd7 17. Bg5 Qe7 18. Bxf6 Qxf6 19. Rd3 g5 20. Nxg5 Kh8 21.
Nf3 Rg8 22. Nf4 h6 23. Re1 Rde8 24. Rde3 1-0

[Event "XXXI Memorial Edoardo Crespi A"]
[Site "Milano ITA"]
[Date "2010.12.07"]
[Round "4"]
[White "Marin, Mihail"]
[Black "Gagliardi, Christian"]
[WhiteElo "2562"]
[BlackElo "2188"]
[Result "1-0"]
[PlyCount "53"]
[EventDate "2010.12.04"]

1. d4 Nf6 2. Nf3 g6 3. c4 Bg7 4. g3 O-O 5. Bg2 d6 6. O-O c6 7. Nc3 Qa5 8. e4
Bg4 9. h3 Bxf3 10. Bxf3 e5 11. d5 cxd5 12. cxd5 Nbd7 13. Qe2 a6 14. Bd2 Rfc8
15. Rfc1 h5 16. h4 Kh7 17. Bg2 Bh6 18. Bg5 Kg7 19. Bh3 Rc7 20. a3 Bxg5 21. hxg5
Nh7 22. b4 Qb6 23. Na4 Qd4 24. Rxc7 Qxa1+ 25. Kg2 Ndf8 26. Qe3 b5 27. Nb6 1-0

[Event "XXXI Memorial Edoardo Crespi A"]
[Site "Milano ITA"]
[Date "2010.12.07"]
[Round "4"]
[White "Martinez, Rolly"]
[Black "Tratar, Marko"]
[WhiteElo "2425"]
[BlackElo "2492"]
[Result "1/2-1/2"]
[PlyCount "27"]
[EventDate "2010.12.04"]

1. e4 e6 2. d4 d5 3. Nd2 c5 4. Ngf3 Nf6 5. exd5 Nxd5 6. dxc5 Bxc5 7. Ne4 Be7 8.
c4 Nf6 9. Qxd8+ Kxd8 10. Nxf6 Bxf6 11. Bg5 Bxg5 12. Nxg5 Ke7 13. Be2 Bd7 14.
Bf3 1/2-1/2

[Event "XXXI Memorial Edoardo Crespi A"]
[Site "Milano ITA"]
[Date "2010.12.07"]
[Round "4"]
[White "Mazzariol, Oscar"]
[Black "Gori, Andrea"]
[WhiteElo "2089"]
[BlackElo "2116"]
[Result "1-0"]
[PlyCount "111"]
[EventDate "2010.12.04"]

1. e4 e5 2. Nf3 Nc6 3. Bb5 a6 4. Ba4 Nf6 5. Qe2 b5 6. Bb3 Be7 7. O-O d6 8. c3
Na5 9. Bc2 c5 10. d4 Qc7 11. d5 O-O 12. Nfd2 Bd7 13. f4 Bg4 14. Qe1 Bd7 15.
fxe5 dxe5 16. Nf3 Bd6 17. Nh4 Ne8 18. Nd2 c4 19. Qg3 Nb7 20. Nf5 Bxf5 21. Rxf5
f6 22. Nf3 g6 23. Nh4 Ng7 24. Nxg6 hxg6 25. Qxg6 Qf7 26. Qg3 Bc5+ 27. Kh1 Nd6
28. Rf3 Qh5 29. Bd2 Rf7 30. Raf1 Nde8 31. Bd1 Qh7 32. Qg4 Kf8 33. Rh3 Qg8 34.
Bh6 Ke7 35. Qh4 Qh7 36. Qg4 Qg8 37. Qg3 Kd8 38. Bh5 Raa7 39. Bxf7 Qxf7 40. Bg5
Qe7 41. Bh4 Nh5 42. Qg4 Nf4 43. Rhf3 Qh7 44. Rxf4 exf4 45. Qxf4 Kc8 46. Qg4+
Qd7 47. Qg8 Qe7 48. Rxf6 Qxe4 49. Re6 Qxh4 50. Rxe8+ Kc7 51. Qe6 Bd6 52. Rc8+
Kb6 53. Qxd6+ Ka5 54. Qb4+ Kb6 55. Qc5+ Ka5 56. Qxa7 1-0

[Event "XXXI Memorial Edoardo Crespi A"]
[Site "Milano ITA"]
[Date "2010.12.07"]
[Round "4"]
[White "Melotti, Dario"]
[Black "Virzi, Ettore"]
[WhiteElo "2087"]
[BlackElo "2000"]
[Result "1-0"]
[PlyCount "101"]
[EventDate "2010.12.04"]

1. c4 Nf6 2. Nc3 g6 3. g3 Bg7 4. Bg2 O-O 5. d4 d6 6. Nf3 Nc6 7. O-O a6 8. h3
Rb8 9. d5 Na5 10. Qd3 c5 11. dxc6 Nxc6 12. e4 Nd7 13. Be3 Nde5 14. Nxe5 Nxe5
15. Qe2 Be6 16. Nd5 b5 17. cxb5 Bxd5 18. exd5 axb5 19. b3 Qa5 20. Rac1 Rfc8 21.
Rxc8+ Rxc8 22. Rc1 Rxc1+ 23. Bxc1 Qc3 24. Bg5 f6 25. Be3 b4 26. g4 Kf8 27. Be4
Nd7 28. Qd2 Nc5 29. Qxc3 bxc3 30. Bxc5 dxc5 31. a4 f5 32. gxf5 gxf5 33. Bxf5 h6
34. f4 Ke8 35. Kg2 Kd8 36. Kf3 Kc7 37. Kg4 Bd4 38. Kh5 Be3 39. Kxh6 Bxf4+ 40.
Kg6 Bg3 41. Be4 Kd6 42. Kf5 c2 43. Bxc2 Kxd5 44. Be4+ Kd6 45. Bb7 Be1 46. Kg5
Ke6 47. h4 Kf7 48. h5 Bd2+ 49. Kf5 Kg7 50. Ke6 Kf8 51. Kd5 1-0

[Event "XXXI Memorial Edoardo Crespi A"]
[Site "Milano ITA"]
[Date "2010.12.07"]
[Round "4"]
[White "Pechy, Alaster"]
[Black "Tesic, Dragan"]
[WhiteElo "2187"]
[BlackElo "2403"]
[Result "0-1"]
[PlyCount "134"]
[EventDate "2010.12.04"]

1. d4 Nf6 2. c4 g6 3. Nc3 d5 4. cxd5 Nxd5 5. e4 Nxc3 6. bxc3 Bg7 7. Bc4 c5 8.
Be3 Nc6 9. Ne2 O-O 10. Rc1 cxd4 11. cxd4 Qa5+ 12. Kf1 Bg4 13. f3 Bd7 14. h4
Rfc8 15. h5 Nd8 16. hxg6 hxg6 17. Qd3 a6 18. Bd2 Qa4 19. Kf2 Nc6 20. e5 Bf5 21.
Qb3 Qxb3 22. Bxb3 Rd8 23. Bc3 Bd3 24. Rhd1 Bxe2 25. Kxe2 e6 26. f4 Ne7 27. g4
Nd5 28. Ba5 Rd7 29. Bxd5 Rxd5 30. Rc5 Rxc5 31. dxc5 Bf8 32. Bb6 Rc8 33. Rc1 g5
34. Kf3 gxf4 35. Kxf4 Be7 36. Ke4 Kf8 37. Rh1 Ke8 38. Rd1 Rc6 39. Rc1 Bd8 40.
Rb1 Bxb6 41. Rxb6 Rxc5 42. Rxb7 Rc4+ 43. Kf3 Ra4 44. Rb8+ Ke7 45. a3 Rxa3+ 46.
Kf4 a5 47. Ra8 a4 48. Kg5 Re3 49. Kf4 Ra3 50. Kg5 Ra1 51. Ra7+ Ke8 52. Ra8+ Kd7
53. Ra7+ Kc6 54. Rxf7 Kd5 55. Ra7 Kxe5 56. Ra5+ Kd4 57. Kf6 a3 58. Kxe6 a2 59.
Ra4+ Kc5 60. Ra5+ Kb6 61. Rxa2 Rxa2 62. g5 Rg2 63. Kf6 Kc6 64. g6 Kd7 65. Kf7
Rf2+ 66. Kg8 Ke7 67. g7 Rg2 0-1

[Event "XXXI Memorial Edoardo Crespi A"]
[Site "Milano ITA"]
[Date "2010.12.07"]
[Round "4"]
[White "Pedroni, Marco"]
[Black "Burlando, Alessandro"]
[WhiteElo "1989"]
[BlackElo "2132"]
[Result "0-1"]
[PlyCount "84"]
[EventDate "2010.12.04"]

1. d4 Nf6 2. Bg5 Ne4 3. Bf4 c5 4. f3 Nf6 5. d5 Qb6 6. Be5 d6 7. Bc3 g6 8. e4
Bg7 9. Nd2 O-O 10. Nc4 Qc7 11. a4 Nbd7 12. Nh3 Nb6 13. Nf2 Nxc4 14. Bxc4 e6 15.
Qd2 exd5 16. Bxd5 Nxd5 17. Bxg7 Kxg7 18. Qxd5 Be6 19. Qd2 d5 20. O-O d4 21. Nd3
c4 22. Nf4 Qc5 23. Rfd1 Rfd8 24. Kh1 Rd7 25. Qf2 Rad8 26. c3 Qe5 27. Nxe6+ fxe6
28. cxd4 Rxd4 29. Rxd4 Qxd4 30. Qxd4+ Rxd4 31. Kg1 Kf6 32. Kf1 Ke5 33. Ke2 Rd3
34. Rc1 Kd4 35. Rc2 Kc5 36. g4 g5 37. h3 e5 38. Rc3 Rd4 39. Ra3 a5 40. Rc3 Kb4
41. Ra3 Rd6 42. Kf2 Rd2+ 0-1

[Event "XXXI Memorial Edoardo Crespi A"]
[Site "Milano ITA"]
[Date "2010.12.07"]
[Round "4"]
[White "Radice, Luca"]
[Black "Massironi, Marco"]
[WhiteElo "2001"]
[BlackElo "2185"]
[Result "1/2-1/2"]
[PlyCount "65"]
[EventDate "2010.12.04"]

1. d4 d5 2. Nf3 Nf6 3. c4 c6 4. e3 Bg4 5. h3 Bxf3 6. Qxf3 e6 7. Nc3 Nbd7 8.
cxd5 cxd5 9. Bd3 Bb4 10. Bd2 O-O 11. O-O Nb6 12. Qe2 Rc8 13. Nb5 Bxd2 14. Qxd2
Nc4 15. Bxc4 Rxc4 16. Rfc1 Ne4 17. Qe1 Rxc1 18. Rxc1 Qb6 19. Qe2 a6 20. Na3 f5
21. Qc2 f4 22. Nc4 Qb5 23. Ne5 fxe3 24. fxe3 h6 25. a4 Qb4 26. Nd3 Qe7 27. Nf4
Qg5 28. Qe2 Qf5 29. Qg4 Qxg4 30. hxg4 Ng5 31. Rc7 Rf7 32. Rc8+ Rf8 33. Rc7
1/2-1/2

[Event "XXXI Memorial Edoardo Crespi A"]
[Site "Milano ITA"]
[Date "2010.12.07"]
[Round "4"]
[White "Rota, Simone"]
[Black "Almonti, Alessandro"]
[WhiteElo "2006"]
[BlackElo "2033"]
[Result "1/2-1/2"]
[PlyCount "102"]
[EventDate "2010.12.04"]

1. d4 c5 2. d5 e5 3. g3 d6 4. Bg2 Nd7 5. e4 a6 6. a4 b6 7. Ne2 Be7 8. c4 Ngf6
9. O-O O-O 10. f4 Kh8 11. f5 Ng8 12. g4 Bg5 13. Ra3 Nh6 14. h3 Rb8 15. Rb3 Ng8
16. Qd3 h6 17. Nd2 Ngf6 18. Nf3 Bxc1 19. Rxc1 Nh7 20. h4 f6 21. Kf2 Kg8 22.
Neg1 Qe7 23. Qd2 Rd8 24. Nh3 Qe8 25. Bf1 Ndf8 26. Ra3 Bd7 27. g5 fxg5 28. hxg5
Bxa4 29. gxh6 Nf6 30. Bd3 Rb7 31. Rg1 b5 32. hxg7 Rxg7 33. Rxg7+ Kxg7 34. Qg5+
Kf7 35. Qh4 Ke7 36. Nhg5 bxc4 37. Bxc4 Bb5 38. b3 Qh5 39. Qxh5 Nxh5 40. Nh2 Nf6
41. Kf3 N8d7 42. Bxb5 axb5 43. Ra7 c4 44. bxc4 bxc4 45. Rc7 Ra8 46. Rxc4 Ra3+
47. Kg2 Nc5 48. Nhf3 Ra2+ 49. Kh3 Ra3 50. Kg2 Ra2+ 51. Kh3 Ra3 1/2-1/2

[Event "XXXI Memorial Edoardo Crespi A"]
[Site "Milano ITA"]
[Date "2010.12.07"]
[Round "4"]
[White "Salmoiraghi, Angelo"]
[Black "Astengo, Corrado"]
[WhiteElo "2139"]
[BlackElo "2139"]
[Result "1/2-1/2"]
[PlyCount "28"]
[EventDate "2010.12.04"]

1. d4 d5 2. c4 e6 3. Nf3 Nf6 4. g3 Be7 5. Bg2 O-O 6. O-O dxc4 7. Qc2 a6 8. Qxc4
b5 9. Qc2 Bb7 10. Bd2 Nbd7 11. Ba5 Rc8 12. Nbd2 Qe8 13. b4 Nb8 14. a3 Nc6
1/2-1/2

[Event "XXXI Memorial Edoardo Crespi A"]
[Site "Milano ITA"]
[Date "2010.12.07"]
[Round "4"]
[White "Tonndorf, Matthias"]
[Black "Vezzosi, Paolo"]
[WhiteElo "2169"]
[BlackElo "2379"]
[Result "1/2-1/2"]
[PlyCount "51"]
[EventDate "2010.12.04"]

1. e4 c5 2. Nf3 a6 3. c4 Nc6 4. d4 cxd4 5. Nxd4 e6 6. a3 Nf6 7. Nc3 Qc7 8. Be2
Nxd4 9. Qxd4 Bd6 10. Be3 O-O 11. Rc1 Be5 12. Qd3 b6 13. Bf3 Bb7 14. h3 Rac8 15.
Na4 Bc6 16. Nxb6 Rb8 17. Qb3 Bxe4 18. Bxe4 Nxe4 19. O-O Nd2 20. Bxd2 Rxb6 21.
Qa4 Rxb2 22. Bc3 Bxc3 23. Rxc3 Qb7 24. Rd3 Rd8 25. Rd6 Rb6 26. Rfd1 1/2-1/2

[Event "XXXI Memorial Edoardo Crespi A"]
[Site "Milano ITA"]
[Date "2010.12.08"]
[Round "5"]
[White "Almonti, Alessandro"]
[Black "Bozzali, Ermanno"]
[WhiteElo "2033"]
[BlackElo "2119"]
[Result "1/2-1/2"]
[PlyCount "90"]
[EventDate "2010.12.04"]

1. c4 c5 2. g3 g6 3. Bg2 Bg7 4. Nc3 Nc6 5. Nf3 Nf6 6. d4 cxd4 7. Nxd4 O-O 8.
O-O Ng4 9. e3 h5 10. h3 Nh6 11. b3 d6 12. Bb2 Bd7 13. Qd2 Nxd4 14. exd4 Bc6 15.
d5 Bd7 16. Rad1 Rc8 17. Rfe1 Re8 18. Ne2 Bxb2 19. Qxb2 b5 20. cxb5 Bxb5 21. Nd4
Qb6 22. Rc1 Rxc1 23. Rxc1 Bd7 24. b4 Nf5 25. Nxf5 Bxf5 26. Rc6 Qb5 27. Qc3 a5
28. a3 axb4 29. axb4 Rb8 30. Qe3 Re8 31. Qc3 Qd3 32. Qb2 Rb8 33. Rc7 Qb1+ 34.
Qxb1 Bxb1 35. Rxe7 Rxb4 36. Rd7 Rb6 37. Rc7 Kf8 38. Bf3 Bd3 39. g4 h4 40. g5
Rb1+ 41. Kh2 Bf1 42. Rc8+ Ke7 43. Rc7+ Kf8 44. Rc8+ Ke7 45. Rc7+ Kf8 1/2-1/2